[Event "V Festival Mare di Fano A"]
[Site "Fano ITA"]
[Date "2016.08.03"]
[Round "6"]
[White "Nguyen, Piotr"]
[Black "Weichhold, Pawel"]
[WhiteElo "2430"]
[BlackElo "2387"]
[Result "1/2-1/2"]
[PlyCount "29"]
[EventDate "2016.07.30"]

1. Nf3 Nf6 2. c4 g6 3. Nc3 Bg7 4. e4 d6 5. d4 O-O 6. Be2 e5 7. dxe5 dxe5 8.
Qxd8 Rxd8 9. Bg5 Re8 10. Nd5 Nxd5 11. cxd5 c6 12. Bc4 cxd5 13. Bxd5 Nd7 14. Nd2
Nc5 15. Nc4 1/2-1/2

[Event "V Festival Mare di Fano A"]
[Site "Fano ITA"]
[Date "2016.08.03"]
[Round "6"]
[White "Paler, Adrian"]
[Black "Misiano, Franco"]
[WhiteElo "2066"]
[BlackElo "2296"]
[Result "1/2-1/2"]
[PlyCount "45"]
[EventDate "2016.07.30"]

1. e4 e6 2. d4 d5 3. Nd2 Nf6 4. e5 Nfd7 5. c3 c5 6. Bd3 Nc6 7. Ne2 cxd4 8. cxd4
f6 9. exf6 Nxf6 10. Nf3 Bd6 11. O-O Qc7 12. Bg5 O-O 13. Rc1 Ng4 14. Ng3 g6 15.
Bd2 Qg7 16. Bc3 Qh6 17. Bd2 Qg7 18. Qe2 Nxd4 19. Nxd4 Qxd4 20. Bc3 Qf4 21. Bd2
Qd4 22. Bc3 Qf4 23. Bd2 1/2-1/2

[Event "V Festival Mare di Fano A"]
[Site "Fano ITA"]
[Date "2016.08.03"]
[Round "6"]
[White "Purnama, Tirta Chandra"]
[Black "Aulia, Medina Warda"]
[WhiteElo "2337"]
[BlackElo "2382"]
[Result "1/2-1/2"]
[PlyCount "37"]
[EventDate "2016.07.30"]

1. e4 e6 2. d4 d5 3. exd5 exd5 4. Bd3 Bd6 5. Nf3 Ne7 6. O-O O-O 7. Re1 Bf5 8.
Bxf5 Nxf5 9. Nbd2 Nd7 10. Nf1 Nh4 11. Ng3 Bxg3 12. hxg3 Nxf3+ 13. Qxf3 c6 14.
c3 Re8 15. Bd2 Qf6 16. Rxe8+ Rxe8 17. Re1 Rxe1+ 18. Bxe1 Qxf3 19. gxf3 1/2-1/2

[Event "V Festival Mare di Fano A"]
[Site "Fano ITA"]
[Date "2016.08.03"]
[Round "6"]
[White "Rahman, Masruri"]
[Black "Murin, Janos"]
[WhiteElo "2335"]
[BlackElo "2107"]
[Result "1/2-1/2"]
[PlyCount "49"]
[EventDate "2016.07.30"]

1. d4 Nf6 2. Nf3 g6 3. Bf4 d6 4. e3 Bg7 5. Nbd2 O-O 6. Be2 Nbd7 7. h3 b6 8. O-O
Bb7 9. a4 a5 10. Re1 Ne4 11. Nxe4 Bxe4 12. Nd2 Bb7 13. Bf3 Qc8 14. Bh2 c5 15.
c3 Rb8 16. d5 Ba6 17. Be2 c4 18. e4 Qc7 19. Rc1 b5 20. axb5 Bxb5 21. Ra1 Rfc8
22. Ra2 Ra8 23. Nf3 Qb6 24. Nd4 a4 25. Bg4 1/2-1/2

[Event "V Festival Mare di Fano A"]
[Site "Fano ITA"]
[Date "2016.08.03"]
[Round "6"]
[White "Rezzuti, Vincenzo"]
[Black "Lindiawati, Evi"]
[WhiteElo "1937"]
[BlackElo "2022"]
[Result "1/2-1/2"]
[PlyCount "65"]
[EventDate "2016.07.30"]

1. e4 d5 2. exd5 Qxd5 3. Nc3 Qd6 4. d4 c6 5. Nf3 Bg4 6. Bc4 Nf6 7. Be3 e6 8. h3
Bh5 9. Qe2 Nbd7 10. O-O-O Nb6 11. Bb3 Be7 12. g4 Bg6 13. Ne5 Nbd5 14. Nxd5 Nxd5
15. Nxg6 hxg6 16. Bd2 a5 17. a3 Qc7 18. c4 Nf6 19. Qf3 Qb6 20. Rhe1 O-O 21. c5
Qd8 22. g5 Nd5 23. Bxd5 Qxd5 24. Qxd5 cxd5 25. Kb1 Rfc8 26. Rc1 Kf8 27. a4 Ke8
28. Rc3 Kd7 29. Rb3 Ra7 30. Rb5 Rh8 31. Rh1 Rh4 32. f4 Bd8 33. Rb3 1/2-1/2

[Event "V Festival Mare di Fano A"]
[Site "Fano ITA"]
[Date "2016.08.03"]
[Round "6"]
[White "Szukics, Adam"]
[Black "Gonzalez Diaz, Julio"]
[WhiteElo "2140"]
[BlackElo "2273"]
[Result "1/2-1/2"]
[PlyCount "55"]
[EventDate "2016.07.30"]

1. e4 d6 2. d4 Nf6 3. Nc3 g6 4. Nf3 Bg7 5. Be2 O-O 6. O-O Nc6 7. d5 Nb8 8. Be3
c6 9. h3 b5 10. e5 dxe5 11. dxc6 Qxd1 12. Raxd1 b4 13. Na4 Nxc6 14. Bb5 Nd4 15.
Nxd4 exd4 16. Bxd4 Bf5 17. c3 a6 18. Bd3 bxc3 19. Bxf5 gxf5 20. Nxc3 e6 21.
Rfe1 Rfd8 22. Be5 Ne8 23. Bxg7 Kxg7 24. Kf1 Kf6 25. f4 h5 26. Kf2 Nd6 27. Rd4
Nb5 28. Nxb5 1/2-1/2

[Event "V Festival Mare di Fano A"]
[Site "Fano ITA"]
[Date "2016.08.03"]
[Round "6"]
[White "Tamin, Upi Darmayana"]
[Black "Cavalieri, Riccardo"]
[WhiteElo "2033"]
[BlackElo "1937"]
[Result "1/2-1/2"]
[PlyCount "74"]
[EventDate "2016.07.30"]

1. e4 c5 2. Nf3 e6 3. d4 cxd4 4. Nxd4 Nc6 5. Nc3 Qc7 6. Be2 a6 7. O-O Nf6 8. a3
Nxd4 9. Qxd4 Bd6 10. h3 Be5 11. Qd3 Bxc3 12. bxc3 d5 13. exd5 Nxd5 14. c4 Nf4
15. Qe4 Nxe2+ 16. Qxe2 Bd7 17. Rd1 O-O 18. Rd4 e5 19. Rh4 Bf5 20. Rh5 g6 21.
Rh4 f6 22. f4 Rfe8 23. Qf2 Qxc4 24. fxe5 Qc3 25. Rb1 Qxe5 26. Bb2 Qe3 27. Bxf6
Qxf2+ 28. Kxf2 b5 29. g4 Bxc2 30. Rc1 Rac8 31. g5 Rc5 32. Rd4 Rf5+ 33. Kg1 Bb3
34. Rd7 Bf7 35. Rcc7 Re1+ 36. Kh2 Re2+ 37. Kg1 Re1+ 1/2-1/2

[Event "V Festival Mare di Fano A"]
[Site "Fano ITA"]
[Date "2016.08.03"]
[Round "6"]
[White "Urkedal, Frode"]
[Black "Wieczorek, Oskar"]
[WhiteElo "2557"]
[BlackElo "2458"]
[Result "1/2-1/2"]
[PlyCount "135"]
[EventDate "2016.07.30"]

1. d4 Nf6 2. c4 c5 3. d5 g6 4. Nc3 Bg7 5. e4 d6 6. h3 O-O 7. Nf3 e6 8. Bd3 Na6
9. O-O Nc7 10. Be3 Rb8 11. e5 dxe5 12. Bxc5 Re8 13. Bxa7 Ra8 14. Bb6 Nd7 15.
Bxc7 Qxc7 16. Nb5 Qb6 17. dxe6 Rxe6 18. Ng5 Re7 19. b4 e4 20. Nxe4 Bxa1 21.
Qxa1 Ne5 22. c5 Qa6 23. Nc7 Qxd3 24. Nf6+ Kg7 25. Nfd5 f6 26. Nxe7 Bxh3 27. Qd1
Qe4 28. Qd5 Qg4 29. f4 Rd8 30. Ne6+ Qxe6 31. Qxd8 Bxg2 32. fxe5 Bxf1 33. exf6+
Qxf6 34. Qg8+ Kh6 35. Qxg6+ Qxg6+ 36. Nxg6 Bc4 37. Ne5 Bxa2 38. b5 Be6 39. b6
Kg7 40. Nf3 Kf6 41. Nd4 Bc8 42. Nb5 Ke6 43. Nd6 Kd7 44. Kf2 Kd8 45. Kg3 h5 46.
Kh4 Bg4 47. Nxb7+ Kd7 48. Na5 Bf3 49. Kg5 Ke6 50. Kf4 Bg2 51. c6 Kd6 52. c7 Bh3
53. Kg3 Bg4 54. Kh4 Kd7 55. Kg5 Kd6 56. Kf6 Kd7 57. Nc4 Kc6 58. Ke7 h4 59. Kd8
Kb7 60. Ne5 Bc8 61. Nd7 h3 62. Nc5+ Kxb6 63. Kxc8 h2 64. Nd7+ Ka7 65. Kd8 h1=Q
66. c8=Q Qh8+ 67. Kc7 Qxc8+ 68. Kxc8 1/2-1/2

[Event "V Festival Mare di Fano A"]
[Site "Fano ITA"]
[Date "2016.08.04"]
[Round "7"]
[White "Aulia, Medina Warda"]
[Black "Csonka, Attila Istvan"]
[WhiteElo "2382"]
[BlackElo "2316"]
[Result "1/2-1/2"]
[PlyCount "43"]
[EventDate "2016.07.30"]

1. e4 c5 2. Nf3 e6 3. d4 cxd4 4. Nxd4 Nc6 5. Nc3 Qc7 6. Be2 a6 7. O-O b5 8.
Nxc6 Qxc6 9. Bf3 Bb7 10. e5 Qc7 11. Bf4 Ne7 12. Bxb7 Qxb7 13. Qe2 Nf5 14. Rad1
Rc8 15. Rd3 Rc4 16. Bg3 Qc6 17. Rfd1 Bb4 18. Rxd7 O-O 19. Rd8 Qc7 20. R8d7 Qc6
21. Rd8 Qc7 22. R8d7 1/2-1/2

[Event "V Festival Mare di Fano A"]
[Site "Fano ITA"]
[Date "2016.08.04"]
[Round "7"]
[White "Cavalieri, Riccardo"]
[Black "Mirri, Pietro"]
[WhiteElo "1937"]
[BlackElo "2011"]
[Result "1-0"]
[PlyCount "69"]
[EventDate "2016.07.30"]

1. e4 e6 2. d4 d5 3. Nc3 Nf6 4. e5 Nfd7 5. f4 c5 6. Nf3 Nc6 7. Be3 cxd4 8. Nxd4
Bc5 9. Be2 O-O 10. Qd2 a6 11. O-O Qe7 12. Rae1 f6 13. Bg4 Nxd4 14. Bxd4 fxe5
15. fxe5 Rxf1+ 16. Kxf1 Nb6 17. Qf2 Bxd4 18. Qxd4 Nc4 19. Kg1 Kh8 20. Rf1 Bd7
21. b3 Na5 22. Nxd5 exd5 23. e6 Be8 24. Qb6 h5 25. Be2 Nc6 26. Bd3 d4 27. Qxb7
Rb8 28. Qxe7 Nxe7 29. Rf8+ Ng8 30. e7 Rb7 31. Rxe8 Rxe7 32. Ra8 g5 33. Bc4 Rg7
34. Bxg8 Rxg8 35. Rxg8+ 1-0

[Event "V Festival Mare di Fano A"]
[Site "Fano ITA"]
[Date "2016.08.04"]
[Round "7"]
[White "Corvi, Marco"]
[Black "Szukics, Adam"]
[WhiteElo "2343"]
[BlackElo "2140"]
[Result "0-1"]
[PlyCount "102"]
[EventDate "2016.07.30"]

1. c4 e5 2. Nc3 Nf6 3. g3 Nc6 4. Bg2 Bb4 5. Nf3 O-O 6. O-O e4 7. Ng5 Bxc3 8.
bxc3 Re8 9. d3 exd3 10. exd3 d6 11. Qb3 h6 12. Ne4 Ne5 13. d4 Nxe4 14. Bxe4 Ng4
15. Bg2 Rb8 16. h3 Nf6 17. Bf4 Bf5 18. c5 d5 19. Rfe1 Ne4 20. f3 Nf6 21. g4 Be6
22. Qa4 Ra8 23. Rab1 Bd7 24. Qa5 b6 25. Qa6 Bc6 26. Bf1 Rxe1 27. Rxe1 Qd7 28.
Bd3 Nh7 29. Bc2 Bb5 30. Qb7 Re8 31. Re5 Rxe5 32. dxe5 bxc5 33. Bf5 Qc6 34. Qxa7
d4 35. Be4 Qb6 36. Qa8+ Nf8 37. cxd4 cxd4 38. Kg2 Bc4 39. Qa3 c5 40. Bd2 Qb5
41. Kg1 Bf1 42. Qc1 Bd3 43. a4 Qb3 44. Bc6 c4 45. a5 c3 46. Bf4 Ne6 47. Bg3 Ba6
48. Bf2 d3 49. Be3 Nd4 50. e6 fxe6 51. Kf2 Qb2+ 0-1

[Event "V Festival Mare di Fano A"]
[Site "Fano ITA"]
[Date "2016.08.04"]
[Round "7"]
[White "Di Chiara, Mauro"]
[Black "Cirelli, Alessandro"]
[WhiteElo "1934"]
[BlackElo "1935"]
[Result "1-0"]
[PlyCount "99"]
[EventDate "2016.07.30"]

1. d4 Nf6 2. Nf3 d5 3. c4 e6 4. g3 Be7 5. Bg2 O-O 6. O-O Nbd7 7. Nbd2 b6 8. b3
Bb7 9. Bb2 c5 10. Rc1 Rc8 11. Ne5 cxd4 12. Bxd4 Nxe5 13. Bxe5 Ng4 14. Bb2 Bf6
15. Ba3 Be7 16. Bxe7 Qxe7 17. e4 Nf6 18. exd5 exd5 19. Re1 Qc7 20. cxd5 Qxc1
21. Qxc1 Rxc1 22. Rxc1 Rc8 23. Rxc8+ Bxc8 24. Nc4 Bb7 25. d6 Bxg2 26. Kxg2 Kf8
27. Kf3 Ke8 28. Ne5 Nd5 29. a4 f6 30. Nc4 Kd7 31. h4 Ke6 32. Ke4 Nc3+ 33. Kd3
Nd5 34. Kd4 Nb4 35. f4 h5 36. Ke4 g6 37. Kd4 Kd7 38. Kc3 Nd5+ 39. Kd4 Nb4 40.
a5 b5 41. Na3 a6 42. Kc5 Nd3+ 43. Kb6 Nb4 44. Nxb5 axb5 45. a6 Kxd6 46. a7 Nd5+
47. Kxb5 Kd7 48. Ka6 Kd6 49. Kb7 Nc7 50. b4 1-0

[Event "V Festival Mare di Fano A"]
[Site "Fano ITA"]
[Date "2016.08.04"]
[Round "7"]
[White "Esposti, Federico"]
[Black "Rahman, Masruri"]
[WhiteElo "2063"]
[BlackElo "2335"]
[Result "1/2-1/2"]
[PlyCount "92"]
[EventDate "2016.07.30"]

1. d4 e6 2. Bf4 Nf6 3. e3 b6 4. Nf3 Bb7 5. Bd3 Be7 6. h3 O-O 7. Nbd2 c5 8. c3
d6 9. O-O cxd4 10. cxd4 Nc6 11. Qe2 Nb4 12. Bb5 Rc8 13. a3 Nbd5 14. Bh2 Nc7 15.
Bd3 d5 16. Ne5 Nce8 17. Kh1 Nd6 18. f3 Nd7 19. Rac1 f6 20. Ng4 f5 21. Ne5 Nxe5
22. Bxe5 Nf7 23. Bh2 Bd6 24. Bxd6 Nxd6 25. f4 Qh4 26. Nf3 Qg3 27. Qe1 Qxe1 28.
Rfxe1 Rxc1 29. Rxc1 Rc8 30. Rxc8+ Bxc8 31. Ne5 Kf8 32. Kg1 Ke8 33. Kf2 Bd7 34.
Nxd7 Kxd7 35. Ke2 Nc4 36. Bxc4 dxc4 37. g4 Kc6 38. gxf5 exf5 39. Kd2 b5 40. Kc3
a5 41. a4 Kb6 42. axb5 Kxb5 43. h4 g6 44. Kd2 Kb4 45. Kc2 Ka4 46. Kc3 Kb5
1/2-1/2

[Event "V Festival Mare di Fano A"]
[Site "Fano ITA"]
[Date "2016.08.04"]
[Round "7"]
[White "Fier, Alexandr"]
[Black "Romanishin, Oleg M"]
[WhiteElo "2616"]
[BlackElo "2433"]
[Result "1-0"]
[PlyCount "85"]
[EventDate "2016.07.30"]

1. d4 Nf6 2. Bg5 d5 3. e3 Nbd7 4. Nf3 c6 5. c4 Ne4 6. Bh4 Qa5+ 7. Nbd2 Ndf6 8.
cxd5 Nxd5 9. a3 Nxd2 10. Nxd2 g6 11. Bc4 Bg7 12. O-O Qd8 13. Rc1 a5 14. h3 Nb6
15. Ba2 O-O 16. Ne4 Nd5 17. Qe2 b6 18. Rxc6 Ba6 19. Bc4 Bb7 20. Rd6 Nf4 21.
exf4 Qc7 22. Rd5 Rac8 23. Nd2 Bxd5 24. Bxd5 Qxf4 25. Nf3 Rc1 26. Bg5 Rxf1+ 27.
Kxf1 Qd6 28. Qc4 e6 29. Bb7 Rb8 30. Ba6 e5 31. d5 Qd7 32. g4 h6 33. Be3 h5 34.
Bb5 Rc8 35. Bxd7 Rxc4 36. Bxb6 hxg4 37. hxg4 Rc1+ 38. Kg2 Rb1 39. Bxa5 Rxb2 40.
Bb4 e4 41. Nd2 e3 42. fxe3 Bf8 43. Ba5 1-0

[Event "V Festival Mare di Fano A"]
[Site "Fano ITA"]
[Date "2016.08.04"]
[Round "7"]
[White "Getz, Nicolai"]
[Black "Laketic, Gojko"]
[WhiteElo "2461"]
[BlackElo "2413"]
[Result "1/2-1/2"]
[PlyCount "139"]
[EventDate "2016.07.30"]

1. e4 d6 2. d4 Nf6 3. Nc3 e5 4. Nf3 Nbd7 5. Bc4 Be7 6. O-O O-O 7. a4 a5 8. Re1
c6 9. h3 Nb6 10. Bf1 exd4 11. Nxd4 d5 12. e5 Ne8 13. Bd3 g6 14. Bh6 Ng7 15. Nf3
Re8 16. Ne2 Nd7 17. Ned4 Nc5 18. c3 Nxd3 19. Qxd3 Nf5 20. Qd2 Nxh6 21. Qxh6 f6
22. exf6 Bxf6 23. Rxe8+ Qxe8 24. Re1 Qf8 25. Qf4 Be7 26. Qe3 Bd6 27. Ne5 Qe7
28. Qg3 Bd7 29. f4 Re8 30. Kh2 Qg7 31. h4 Re7 32. Re2 Bc8 33. Qg5 Re8 34. Nc4
Be7 35. Nd6 Qf8 36. Qe5 Bxd6 37. Qxe8 Bxf4+ 38. g3 Bd6 39. Qe3 Bd7 40. Rf2 Qd8
41. Kg2 Qc8 42. Qg5 Qe8 43. Re2 Qf7 44. Qd8+ Bf8 45. Nf3 Bh3+ 46. Kxh3 Qxf3 47.
Rg2 Kg7 48. Qc7+ Kh6 49. Qxa5 Bd6 50. Qd8 Qf5+ 51. Kh2 Bxg3+ 52. Kxg3 Qe5+ 53.
Kf2 Qf4+ 54. Ke2 Qe4+ 55. Kf1 Qb1+ 56. Kf2 Qxb2+ 57. Kf3 Qxc3+ 58. Kg4 Qd4+ 59.
Kh3 Qe3+ 60. Rg3 Qe6+ 61. Kh2 Qe2+ 62. Rg2 Qe5+ 63. Kg1 Qe1+ 64. Kh2 Qe5+ 65.
Rg3 Qe2+ 66. Rg2 Qe5+ 67. Kh3 Qe3+ 68. Rg3 Qe6+ 69. Kh2 Qe2+ 70. Rg2 1/2-1/2

[Event "V Festival Mare di Fano A"]
[Site "Fano ITA"]
[Date "2016.08.04"]
[Round "7"]
[White "Gonzalez Diaz, Julio"]
[Black "Cuhendi, Sean Winshand"]
[WhiteElo "2273"]
[BlackElo "2395"]
[Result "0-1"]
[PlyCount "134"]
[EventDate "2016.07.30"]

1. c4 g6 2. g3 Bg7 3. Bg2 e5 4. Nc3 d6 5. d3 f5 6. e4 Nc6 7. Nge2 Nf6 8. O-O
O-O 9. Nd5 f4 10. gxf4 Nh5 11. fxe5 dxe5 12. Bd2 a5 13. Qc1 Be6 14. Be3 Qd7 15.
Qd2 Bh3 16. Ng3 Nf4 17. Bxh3 Nxh3+ 18. Kg2 Nb4 19. f3 Nf4+ 20. Bxf4 exf4 21.
Ne2 Nxd5 22. cxd5 g5 23. d4 Ra6 24. Rf2 g4 25. Qd3 Rh6 26. Kh1 g3 27. Rg2 Qh3
28. Rc1 gxh2 29. Rf1 Rg6 30. Rff2 Rxg2 31. Rxg2 Kh8 32. Nc3 Qh4 33. Qd2 Rf6 34.
Rxh2 Qg3 35. Qf2 Rg6 36. e5 Qg5 37. Ne4 Qd8 38. Qh4 Qg8 39. Qh3 Bxe5 40. Rg2
Rxg2 41. Qxg2 Qxg2+ 42. Kxg2 Bxd4 43. b3 Be5 44. Kh3 Kg7 45. Kg4 Kg6 46. Nc5
h5+ 47. Kh4 b6 48. Ne4 Bd6 49. Nd2 Be7+ 50. Kh3 b5 51. a4 Bb4 52. Ne4 bxa4 53.
bxa4 Kf5 54. Kh4 Ke5 55. Kxh5 Kxd5 56. Kg4 Ke5 57. Nf2 Bd2 58. Nd3+ Kd4 59.
Nxf4 c5 60. Ne6+ Kd5 61. Kf5 c4 62. Nc7+ Kd4 63. Ne6+ Ke3 64. Ke5 c3 65. Nd4
Kd3 66. Kd5 Be3 67. Nb3 c2 0-1

[Event "V Festival Mare di Fano A"]
[Site "Fano ITA"]
[Date "2016.08.04"]
[Round "7"]
[White "Kholopov, Alexander A"]
[Black "Khadijah, Qurota'ain"]
[WhiteElo "2289"]
[BlackElo "1996"]
[Result "1-0"]
[PlyCount "87"]
[EventDate "2016.07.30"]

1. d4 Nf6 2. c4 g6 3. Nc3 Bg7 4. e4 d6 5. Nf3 O-O 6. h3 Na6 7. Bg5 h6 8. Be3 e5
9. d5 b6 10. Nd2 Ne8 11. g4 Nc5 12. b4 Nd7 13. Bd3 a5 14. a3 f5 15. f3 axb4 16.
axb4 Rxa1 17. Qxa1 Ndf6 18. Kd1 fxg4 19. fxg4 Bxg4+ 20. hxg4 Nxg4 21. Bg1 Qg5
22. Kc2 h5 23. Qe1 Bh6 24. Rh3 Ng7 25. Nb3 Qe7 26. c5 bxc5 27. bxc5 Bf4 28. Ne2
g5 29. Qa5 Nh6 30. Qa7 g4 31. Rh1 Qd8 32. Nxf4 exf4 33. Bd4 Rf7 34. Bxg7 Kxg7
35. Rxh5 Kg6 36. Rh1 Kg7 37. Nd4 Rf6 38. Ne6+ Rxe6 39. dxe6 Ng8 40. Qa1+ Qf6
41. cxd6 Qxa1 42. Rxa1 cxd6 43. Ra7+ Kf6 44. Rf7+ 1-0

[Event "V Festival Mare di Fano A"]
[Site "Fano ITA"]
[Date "2016.08.04"]
[Round "7"]
[White "Lavorgna, Filippo"]
[Black "Aulia, Virda Rizka"]
[WhiteElo "1849"]
[BlackElo "1918"]
[Result "1-0"]
[PlyCount "87"]
[EventDate "2016.07.30"]

1. c4 e6 2. Nf3 d5 3. g3 Nf6 4. Bg2 Be7 5. O-O O-O 6. b3 c5 7. Bb2 d4 8. e3 Nc6
9. exd4 cxd4 10. Re1 Bc5 11. a3 a5 12. d3 Re8 13. Nbd2 e5 14. Qe2 h6 15. h3 Bf5
16. g4 Bh7 17. Nh2 Qc7 18. Bc1 Rad8 19. Ne4 Bxe4 20. Bxe4 Nxe4 21. Qxe4 Bd6 22.
Nf1 Ne7 23. Ng3 Ng6 24. Bd2 Nf4 25. Bxf4 exf4 26. Qxe8+ Rxe8 27. Rxe8+ Kh7 28.
Nf5 Be5 29. Re7 Qb8 30. Re1 Bf6 31. Rxf7 b5 32. Re6 Kh8 33. Ne7 Bxe7 34. Rfxe7
Kh7 35. c5 f3 36. Re4 Qc8 37. R7e5 Qd7 38. b4 axb4 39. axb4 Qa7 40. Re1 Qa3 41.
c6 Qxb4 42. Rc1 Qf8 43. c7 Qc8 44. Rxb5 1-0

[Event "V Festival Mare di Fano A"]
[Site "Fano ITA"]
[Date "2016.08.04"]
[Round "7"]
[White "Liepold, Stefan"]
[Black "Rezzuti, Vincenzo"]
[WhiteElo "2236"]
[BlackElo "1937"]
[Result "1-0"]
[PlyCount "53"]
[EventDate "2016.07.30"]

1. e4 e5 2. Nf3 Nc6 3. Bb5 a6 4. Ba4 d6 5. O-O Bg4 6. h3 h5 7. Bxc6+ bxc6 8. d4
Qf6 9. Nbd2 Nh6 10. Re1 Bd7 11. dxe5 dxe5 12. Nc4 Bd6 13. Qd3 O-O 14. Bxh6 gxh6
15. Nxd6 cxd6 16. Rad1 d5 17. exd5 Bf5 18. Qe3 cxd5 19. Rxd5 Bxc2 20. Nxe5 Rfe8
21. Qd2 Bh7 22. Re3 Rad8 23. Nxf7 Kxf7 24. Rf3 Qxf3 25. gxf3 Rg8+ 26. Kh2 Rde8
27. Rd7+ 1-0

[Event "V Festival Mare di Fano A"]
[Site "Fano ITA"]
[Date "2016.08.04"]
[Round "7"]
[White "Lioe, Dede"]
[Black "Moroni, Luca jr"]
[WhiteElo "2357"]
[BlackElo "2457"]
[Result "1-0"]
[PlyCount "69"]
[EventDate "2016.07.30"]

1. e4 e6 2. d4 d5 3. Nd2 c5 4. Ngf3 cxd4 5. exd5 Qxd5 6. Bc4 Qd8 7. O-O Nc6 8.
Nb3 a6 9. a4 Nf6 10. Qe2 Bd6 11. Rd1 Qe7 12. Nfxd4 Ne5 13. Nd2 O-O 14. Bb3 h6
15. Ne4 Nxe4 16. Qxe4 Ng6 17. Be3 Kh7 18. Nf3 Bc7 19. h4 f5 20. Qc4 Re8 21. Bc5
Qf7 22. Bd6 Bd8 23. a5 Bf6 24. Ba3 Ne5 25. Nxe5 Bxe5 26. Ba4 Rg8 27. Rd3 Qg6
28. Re1 Bf6 29. c3 e5 30. Bb3 Re8 31. Rd6 e4 32. h5 Qg5 33. Qf7 Rh8 34. Bd5 f4
35. Rxf6 1-0

[Event "V Festival Mare di Fano A"]
[Site "Fano ITA"]
[Date "2016.08.04"]
[Round "7"]
[White "Maisuradze, Nino"]
[Black "Paler, Adrian"]
[WhiteElo "2281"]
[BlackElo "2066"]
[Result "1-0"]
[PlyCount "83"]
[EventDate "2016.07.30"]

1. d4 d5 2. c4 e6 3. Nc3 c6 4. e3 Nf6 5. Nf3 Nbd7 6. Be2 Bd6 7. O-O O-O 8. b3
b6 9. Qc2 Bb7 10. Bb2 Qe7 11. e4 dxe4 12. Nxe4 Nxe4 13. Qxe4 Nf6 14. Qh4 c5 15.
dxc5 Bxc5 16. Bd3 h6 17. Ne5 Rfd8 18. Rfe1 Nd7 19. Qg3 Nxe5 20. Bxe5 Qg5 21.
Qxg5 hxg5 22. Red1 Kf8 23. Be2 Rac8 24. Bc3 Be7 25. a4 Be4 26. b4 Bc2 27. Rxd8+
Bxd8 28. a5 bxa5 29. bxa5 Be7 30. a6 f6 31. h3 Be4 32. Bd4 Bc5 33. Bxc5+ Rxc5
34. f3 Bf5 35. Ra2 e5 36. Rb2 Bc8 37. Rb7 Rc6 38. c5 Rxc5 39. Rxa7 Ke8 40. Rxg7
Ra5 41. a7 Kd8 42. Bb5 1-0

[Event "V Festival Mare di Fano A"]
[Site "Fano ITA"]
[Date "2016.08.04"]
[Round "7"]
[White "Marzocchi, Tommaso"]
[Black "Lavorgna, Francesco"]
[WhiteElo "2068"]
[BlackElo "1887"]
[Result "1-0"]
[PlyCount "83"]
[EventDate "2016.07.30"]

1. e4 c6 2. d4 d5 3. exd5 cxd5 4. c4 Nf6 5. Nc3 e6 6. Nf3 Nc6 7. cxd5 Nxd5 8.
Bd3 Be7 9. O-O O-O 10. a3 b6 11. Re1 Bb7 12. Bc2 Ba6 13. Nxd5 exd5 14. Bxh7+
Kxh7 15. Qc2+ Kg8 16. Qxc6 Bc4 17. Bf4 Rc8 18. Qb7 Bd6 19. Bxd6 Qxd6 20. Re7 a6
21. Rxf7 Rxf7 22. Qxc8+ Rf8 23. Qh3 Bd3 24. Rc1 Be4 25. Ne5 Qf6 26. Qg3 Qf4 27.
Qxf4 Rxf4 28. f3 Bf5 29. g4 Bg6 30. Rc6 Bf7 31. Rc8+ Kh7 32. Rf8 Rxd4 33. Rxf7
Rd1+ 34. Kg2 Rd2+ 35. Kg3 Rxb2 36. Rf4 Rb3 37. a4 b5 38. axb5 axb5 39. Rd4 b4
40. Rxd5 Rb2 41. Nd3 Rb3 42. Rd4 1-0

[Event "V Festival Mare di Fano A"]
[Site "Fano ITA"]
[Date "2016.08.04"]
[Round "7"]
[White "Misiano, Franco"]
[Black "Mazzini, Mauro"]
[WhiteElo "2296"]
[BlackElo "2191"]
[Result "1-0"]
[PlyCount "107"]
[EventDate "2016.07.30"]

1. e4 c5 2. Nf3 g6 3. d4 cxd4 4. Nxd4 Nc6 5. c4 Nf6 6. Nc3 Nxd4 7. Qxd4 d6 8.
Be2 Bg7 9. Be3 O-O 10. Qd2 a5 11. Rd1 Bd7 12. O-O Bc6 13. f3 Nd7 14. b3 Nc5 15.
Rb1 f5 16. exf5 gxf5 17. Nd5 Bxd5 18. cxd5 Qb6 19. a3 f4 20. Bf2 Qd8 21. b4
axb4 22. axb4 Nd7 23. Rfc1 Ne5 24. Rc2 Rc8 25. Rbc1 Qd7 26. b5 Qf5 27. Rxc8
Rxc8 28. Rxc8+ Qxc8 29. Qxf4 Qc2 30. Qe4 Qxe4 31. fxe4 Nd7 32. Kf1 b6 33. Bf3
Be5 34. h3 Kg7 35. Ke2 Kf6 36. Bh4+ Kf7 37. Bh5+ Kf8 38. Ke3 Nc5 39. Bd1 Kf7
40. Bc2 h6 41. Kf3 Bf6 42. Bf2 Bg5 43. Kg4 Bd2 44. Kf5 Nd7 45. g4 Bc3 46. h4
Be5 47. g5 hxg5 48. hxg5 Bg7 49. Bd1 Nc5 50. Bh5+ Kf8 51. Bxc5 dxc5 52. e5 c4
53. Ke6 c3 54. Bg6 1-0

[Event "V Festival Mare di Fano A"]
[Site "Fano ITA"]
[Date "2016.08.04"]
[Round "7"]
[White "Murin, Janos"]
[Black "Aris, T.L.S."]
[WhiteElo "2107"]
[BlackElo "2162"]
[Result "0-1"]
[PlyCount "102"]
[EventDate "2016.07.30"]

1. Nf3 Nf6 2. g3 d6 3. Bg2 Nc6 4. d3 e5 5. e4 a5 6. a4 Be7 7. O-O Bg4 8. h3 Bd7
9. c3 Qc8 10. Kh2 h5 11. Na3 Ng4+ 12. Kg1 Nh6 13. Kh2 h4 14. Nc4 hxg3+ 15. fxg3
Ng4+ 16. Kg1 Nf6 17. h4 Bg4 18. Ne3 Nh5 19. Qe1 Qe6 20. Nh2 Bh3 21. Nd5 Bd8 22.
Qf2 Bxg2 23. Qxg2 Ne7 24. Ne3 c6 25. Rf3 Bb6 26. Qf1 d5 27. Nhg4 dxe4 28. dxe4
O-O-O 29. Nf2 g6 30. Qh3 f5 31. Kg2 Rhf8 32. Ned1 Kb8 33. Bg5 Nf6 34. b4 Qc4
35. bxa5 Bxa5 36. Qh1 Nc8 37. Ne3 Qc5 38. Ned1 Nd6 39. Qe1 Ndxe4 40. Nxe4 Nxe4
41. Bxd8 Rxd8 42. Re3 Rd2+ 43. Kh3 Qd5 44. Re2 Rd3 45. Re3 Bb6 46. Rxd3 Qxd3
47. Kg2 f4 48. gxf4 exf4 49. Ra2 f3+ 50. Kh1 Qd5 51. Rf2 Qxd1 0-1

[Event "V Festival Mare di Fano A"]
[Site "Fano ITA"]
[Date "2016.08.04"]
[Round "7"]
[White "Nemeth, Miklos"]
[Black "Nguyen, Piotr"]
[WhiteElo "2467"]
[BlackElo "2430"]
[Result "1-0"]
[PlyCount "81"]
[EventDate "2016.07.30"]

1. e4 e6 2. d4 d5 3. Nd2 Nf6 4. e5 Nfd7 5. f4 c5 6. c3 Nc6 7. Ndf3 Qb6 8. g3
cxd4 9. cxd4 Be7 10. Ne2 O-O 11. Bh3 f6 12. exf6 Nxf6 13. O-O Ne4 14. Kg2 Bd7
15. Nc3 Rad8 16. Re1 Bf6 17. Nxe4 dxe4 18. Rxe4 Kh8 19. Qb3 Qa6 20. Kf2 Na5 21.
Qb4 b6 22. Ne5 Nc6 23. Qc3 Nxe5 24. dxe5 Be7 25. Be3 Rc8 26. Qd2 Bc6 27. Rd4
Bc5 28. Rd3 Be4 29. Rc3 Rfd8 30. Qe2 Bd3 31. Qf3 Bxe3+ 32. Qxe3 Rxc3 33. bxc3
Bc4 34. f5 Qb5 35. Kg1 Rd3 36. Qf2 Qxe5 37. Re1 Qxc3 38. fxe6 Rf3 39. e7 Bg8
40. e8=Q Rxf2 41. Kxf2 1-0

[Event "V Festival Mare di Fano A"]
[Site "Fano ITA"]
[Date "2016.08.04"]
[Round "7"]
[White "Priasmoro, Novendra"]
[Black "Urkedal, Frode"]
[WhiteElo "2309"]
[BlackElo "2557"]
[Result "1/2-1/2"]
[PlyCount "118"]
[EventDate "2016.07.30"]

1. e4 e5 2. Nf3 Nc6 3. Bb5 a6 4. Ba4 Nf6 5. O-O Be7 6. Bxc6 dxc6 7. d3 Nd7 8.
Nbd2 O-O 9. Nc4 f6 10. Be3 Nc5 11. h3 Ne6 12. Qd2 c5 13. a4 Nd4 14. Bxd4 cxd4
15. b4 Be6 16. c3 c5 17. b5 Bxc4 18. dxc4 Qa5 19. Rfc1 Rfd8 20. cxd4 Qxd2 21.
Nxd2 Rxd4 22. Nb3 Rxe4 23. Na5 Rd4 24. Rab1 Rd7 25. bxa6 Rxa6 26. Rb5 Rc7 27.
Ra1 b6 28. Nb3 Rca7 29. a5 bxa5 30. Rbxa5 Rxa5 31. Rxa5 Rxa5 32. Nxa5 Kf7 33.
f3 Ke6 34. Kf2 h5 35. g4 g6 36. Nb3 f5 37. gxh5 gxh5 38. Ke3 Bd6 39. Nc1 Kf6
40. Nd3 Kg5 41. f4+ exf4+ 42. Kf3 Kg6 43. Ne1 Kf6 44. Nd3 Ke6 45. Ke2 Kd7 46.
Ne1 Kc6 47. Kd3 Kb6 48. Kc2 Ka5 49. Kb3 Be5 50. Nf3 Bd4 51. Ka3 Bc3 52. Kb3 Bb4
53. Ne5 Be1 54. Nf3 Bf2 55. Ka3 Be3 56. Kb3 Bc1 57. Ne5 Bd2 58. Nf3 Bb4 59. Ne5
Bd2 1/2-1/2